Trh podielových fondov v podmienkach Slovenskej republiky

Charakteristika podielového fondu. Typy podielových fondov: fondy peňažného trhu, dlhopisové fondy, akciové fondy, zmiešané fondy a fondy fondov. Ďalšie druhy fondov. Charakteristika trhu podielových fondov v Slovenskej republike.

Salvato in:
Dettagli Bibliografici
Autore principale: Pilch, Ctibor, 1957-
Natura: Capitolo di libro
Lingua:slovacco
Soggetti:
Tags: Aggiungi Tag
Nessun Tag, puoi essere il primo ad aggiungerne!!

MARC

LEADER 00000nla$a2200000$$$4500
001 0056704
005 20240502071636.7
041 0 |a slo 
044 |a SK 
245 1 0 |a Trh podielových fondov v podmienkach Slovenskej republiky  |c Ctibor Pilch 
520 |a Charakteristika podielového fondu. Typy podielových fondov: fondy peňažného trhu, dlhopisové fondy, akciové fondy, zmiešané fondy a fondy fondov. Ďalšie druhy fondov. Charakteristika trhu podielových fondov v Slovenskej republike. 
610 2 0 |a investori 
610 2 0 |a fondy podielové 
610 2 0 |a fondy peňažné 
610 2 0 |a fondy dlhopisové 
610 2 0 |a fondy akciové 
610 2 0 |a fondy zmiešané 
610 2 0 |a fondy fondov 
610 2 0 |a spoločnosti správcovské 
610 2 0 |a investovanie kolektívne 
610 2 0 |a Slovensko 
100 1 |a Pilch, Ctibor, 1957-